The YEAR'S best fantasy and horror

Bibliographic Details
Format: Book
Published: New York : St. Martin's Press , 1992
Subjects:

MARC

LEADER 00000cam a2200000 7i4500
001 0000001561
002 000001707
005 20000330.0
020 |a 0312078889 
090 0 0 |a F   |b YEA 
245 0 4 |a The YEAR'S best fantasy and horror   |c edited by Ellen Datlow and Terri Windling 
260 |a New York :   |b St. Martin's Press ,   |c 1992 
300 |a 518p. ;   |c 23cm. 
650 0 0 |a Horror fiction 
999 |a 034500   |b BUKU   |c FICTION   |e PERPUSTAKAAN KOMUNITI PETALING JAYA